Developed socialist society : basic features and place in history /

Bibliographic Details
Main Author: Gelʹbukh, F. N. (Feliks Naumovich)
Other Authors: Lopata, P. P. (Petr Petrovich)
Format: Book
Language:English
Russian
Published: Moscow : Progress Publishers, [1980]
Series:Socialism today.
Subjects:

MARC

Tag First Indicator Second Indicator Subfields
LEADER 00000cam a2200000 a 4500
001 in00000083502
005 20151008061315.0
008 811208s1980 rur b 00010 engm
010 |a  81459577  
015 |a USSR*** 
035 |a (OCoLC)07476077 
035 |9 AAJ7781AM 
040 |a DLC  |c DLC  |d m.c.  |d TXA  |d UtOrBLW 
041 1 |a eng  |a rus 
043 |a e-ur--- 
049 |a TXAM  |c [1196767] 
050 0 0 |a HX313  |b .G4413 
082 0 |a 335.43/0947  |2 19 
100 1 |a Gelʹbukh, F. N.  |q (Feliks Naumovich) 
240 1 0 |a Razvitoe sot͡sialisticheskoe obshchestvo--istoricheskoe mesto i osnovnye cherty.  |l English 
245 1 0 |a Developed socialist society :  |b basic features and place in history /  |c F. Gelbuch, P. Lopata ; [translated from the Russian by Lev Bobrov]. 
264 1 |a Moscow :  |b Progress Publishers,  |c [1980] 
264 4 |c ©1980 
300 |a 123 pages ;  |c 20 cm. 
336 |a text  |b txt  |2 rdacontent 
337 |a unmediated  |b n  |2 rdamedia 
338 |a volume  |b nc  |2 rdacarrier 
490 1 |a Socialism today 
500 |a Translation of: Razvitoe sotsialisticheskoe obshchestvo--istoricheskoe mesto i osnovnye cherty. 
504 |a Includes bibliographical references. 
650 0 |a Communism  |z Soviet Union. 
700 1 |a Lopata, P. P.  |q (Petr Petrovich) 
830 0 |a Socialism today. 
999 |a MARS 
999 f f |s 5a791196-3961-31c2-8bf9-28e2d51103e5  |i 8ecd87c2-332e-3ec1-8d22-cab36ffb80da  |t 0 
952 f f |p ric  |a Texas A&M University  |b Rellis Campus  |c Joint Library Facility  |d Remote Storage  |t 0  |e HX313 .G4413  |h Library of Congress classification  |i unmediated -- volume  |m A14806148235 
998 f f |a HX313 .G4413  |t 0  |l Remote Storage